MDQL
is popping MORE tags! Check the
thread
!
Quizzes
Events
Quiz Creation
Community
Videos
Private Events
Remove Ads
Sign In
Join for FREE
Feedback
Dark Mode
Quiz Categories
Sports
Geography
Music
Movies
Television
Just For Fun
Miscellaneous
History
Literature
Language
Science
Gaming
Entertainment
Religion
Holiday
For Kids
Quiz Lab
Recent
Popular Today
Quiz Kudos Today
Editor Picks
Curator Picks
Quizzes by...
Day
Popularity
Type
Ratings
Length
Year
Community
Subscriptions
Recent Discussions
Orange Saloon
Badges
Playlists
Quests
Create
Leaderboards
Showdown
Live 5
Trivia Bingo
Activity
Puzzle Library
Sporcle Events
Private Events
Virtual Trivia
Globe League
Become a Host
Pub Owners
SporcleCon
Opinionation
Our Games
Videos
Blog
Mobile Apps
Partnerships
Remove Ads and Go Orange
Feedback
Sports
Athletes
MLB
NBA
NHL
NFL
Soccer
Sports Teams
WWE
NCAA
Football
Premier League
Basketball
Baseball
Hockey
Golf
Tennis
Cricket
Rugby
Auto Racing
Olympics
World Cup
Sports
Athletes
MLB
NBA
NHL
NFL
Soccer
Sports Teams
WWE
NCAA
Football
Premier League
Basketball
Baseball
Hockey
Golf
Tennis
Cricket
Rugby
Auto Racing
Olympics
World Cup
Random Quiz
Search Sporcle
×
Quiz Lab
Quiz Lab
Sports
MLB
Type in answers that appear in a list
Type in answers that appear in a list
Classic
Best Score? Go Orange.
1992 NLCS Game Seven Stats
Can you name the 1992 NLCS Game Seven Answers?
By
mflournoy
5m
14 Questions
233 Plays
233 Plays
233 Plays
Comments
Comments
Give Quiz Kudos
Give Quiz Kudos
-
- Ratings
hide this ad
Forced Order
Answers have to be entered in order
Answers have to be entered in order
Replay
Link that replays current quiz
Next Quiz
Link to next quiz in quiz playlist
You Got
0%
They Got
Avg Score
69%
Avg Friend Score
Upgrade to see
Score Distribution
Jump to the score distribution portion of the page
Score
0/14
Timer
05:00
0
Plays Today
Hint
Answer
% Correct
Number of runs the Pirates had scored after eight and a half innings
2
97%
Number of runs the Braves had scored after eight and a half innings
0
96.6%
Starting pitcher for the Braves
John Smoltz
96.1%
Starting pitcher for the Pirates
Doug Drabek
85.3%
Pirates' left fielder unable to throw out the runner at the plate
Barry Bonds
84.5%
Pinch hitting for Jeff Reardon, singled to left field to drive in two runs and win the game
Francisco Cabrera
73.7%
Walked to load the bases
Sid Bream
73.3%
Hint
Answer
% Correct
Reached on an E4
David Justice
63.8%
Led off the bottom of the ninth with a double
Terry Pendleton
62.9%
Hit a sacrifice fly to score one run
Ron Gant
55.2%
Pirates' catcher unable to tag out the runner at the plate
Mike LaValliere
53.9%
Relieved the Pirates' starting pitcher
Stan Belinda
53%
Walked to reload the bases
Damon Berryhill
38.8%
Popped up to shortstop pinch hitting for Rafael Belliard
Brian Hunter
31.5%
Quiz Playlist
Details
Report
Send in Message
Add To Playlist
Classic:
Type in answers that appear in a list
Forced Order:
Answers have to be entered in order
Quiz Source
Last Updated: Feb 16, 2017
Quiz Scoreboard
CHALLENGE
Sign Up to Join the Scoreboard
Show All
Scores
Hide
Comments
May contain spoilers
Recently Published
Find the 'City' Movie
by crazypaving
Movies
60s
5x2 Blitz: Bands
by SL_Kpop136
Music
30s
Colored Red Africa Blitz
by spor1
Geography
30s
More to Explore
Quiz From the Vault
Featured Blog Post
14 Easter Pick-up Lines to Find Eggs With
hide this ad
You Might Also Like...
Tags
MLB Quiz
1992
nlc
nlcs
Seven
Today's Top Quizzes in Sports
Browse Sports
hide this ad
Today's Top Quizzes in MLB
Browse MLB
Top Contributed Quizzes in Sports
1
Les entraîneurs de l'OM et du PSG au 21e siècle
2
Les meilleurs buteurs des matchs entre le PSG et l’OM
3
Les joueurs passés par le PSG et l'OM
4
Players with Multiple 50 Home Run Seasons
5
2022 World Cup Stars
6
Criteria MLB: Left Handed Sluggers
7
NBA Logic Puzzle 2.0
8
MLB Players with Two .350 Batting Average Seasons
9
Top 10 NHL Goal Scorers of All Time
10
Les joueurs passés par le LOSC et le RC Lens
Explore More
Trending Topics
Anime
Disney
NBA
Marvel
Crossword
Harry Potter
Kpop
Song
The Office
Soccer
WWE
NFL
Puzzle
Pokémon
Country
hide this ad
More By:
mflournoy
Quiz
Plays
Rating
Category
Featured
Created
Olympic Track and Field Events
76,521
4.20
Sports
Nov 30, 2009
Fire Emblem: Radiant Dawn Characters
6,490
4.71
Gaming
Sep 22, 2009
2000s Atlanta Braves All-Stars
4,076
4.25
Sports
Sep 23, 2009
1990s Atlanta Braves Opening Day Lineups
3,882
4.39
Sports
Oct 1, 2009
Jurassic Park
2,740
4.60
Literature
Oct 6, 2009
Go to Creator's Profile
Score Distribution
Quiz Creator Spotlight
mflournoy
Follow
Send a Message
Quizzes Created
-
Created Quiz Play Count
-
More By This Creator
Popular Quizzes Today
1
Colored Red Africa Blitz
2
Find the 'City' Movie
3
Find the US States - No Outlines Minefield
4
5x2 Blitz: Bands
5
The Countries of the World
6
Find the US States
7
US States
8
Find the Countries of Europe - No Outlines Minefield
More Sports Quizzes
MLB 1980's : The Golden Boys (Redux)
Curator's Pick
Trending Quizzes
Colored Red Europe Blitz I
Colored Red Europe Blitz II
Colored Red Africa Blitz II
Colored Red Europe Blitz III
Colored Red Africa Blitz III
Recently Updated
How Do You Spell That?
pecheneg
Godzilla Movies
pecheneg
Grab Bag: 4-10 Letters
pecheneg
2024 March Madness Bracket
pecheneg
Famous TV Couples
Peacemaker
Champions League XIs: Real Madrid
pecheneg
Largest US Cities 1790-2010
pecheneg
Rides in Walt Disney World
pecheneg
Most Oscar Losses (Acting)
pecheneg
Beyoncé Albums
pecheneg
Trending Topics
Harry Potter
Disney
Crossword
Marvel
NBA
Kpop
Anime
The Office
WWE
NFL
Soccer
Puzzle
Song
Country
Pokémon
Your Account Isn't Verified!
In order to create a playlist on Sporcle, you need to verify the email address you used during registration. Go to your
Sporcle Settings
to finish the process.
Report this User
Report this user for behavior that violates our
Community Guidelines
.
Details:
Send Report
Go to the Sporcle.com Mobile Site →
Comments